00291nam a2200121Ia 4500008004100000082001300041100001600054245004200070250000800112260003300120300000800153650000800161191201s2013 xx 000 0 und d a658bPRP aPRASAD, L M 0aPrinciples and Practice of Management aRep aN. DelhibSultan Chandc2013 a776 aBBA